Quizzes
Events
Quiz Creation
Community
Videos
Private Events
Remove Ads
Sign In
Join for FREE
Feedback
Dark Mode
Quiz Categories
Sports
Geography
Music
Movies
Television
Just For Fun
Miscellaneous
History
Literature
Language
Science
Gaming
Entertainment
Religion
Holiday
For Kids
Quiz Lab
Recent
Popular Today
Quiz Kudos Today
Editor Picks
Curator Picks
Quizzes by...
Day
Popularity
Type
Ratings
Length
Year
Community
Subscriptions
Recent Discussions
Orange Saloon
Badges
Playlists
Quests
Create
Leaderboards
Showdown
Live 5
Trivia Bingo
Activity
Puzzle Library
Sporcle Events
Private Events
Virtual Trivia
Globe League
Become a Host
Pub Owners
SporcleCon
Opinionation
Our Games
Videos
Blog
Mobile Apps
Partnerships
Remove Ads and Go Orange
Feedback
Just For Fun
Clickable
Get the Picture
Humor
Quick Pick
Word Ladder
Missing Word
Mixed Word
Blitz
Minefield
This or That
Alphabet
Color
Typing
Sporcle
Puzzle
Word Play
Follow That Line
Logic
Just For Fun
Clickable
Get the Picture
Humor
Quick Pick
Word Ladder
Missing Word
Mixed Word
Blitz
Minefield
This or That
Alphabet
Color
Typing
Sporcle
Puzzle
Word Play
Follow That Line
Logic
Random Quiz
Search Sporcle
×
Quiz Lab
Quiz Lab
Just For Fun
Food
Click on answers out of a set of options
Click on answers out of a set of options
Multiple Choice
Best Score? Go Orange.
Food origin quiz Stats
Where do these foods come from?
By
sboobbyer
3m
12 Questions
68 Plays
68 Plays
68 Plays
Comments
Comments
Give Quiz Kudos
Give Quiz Kudos
-
- Ratings
hide this ad
Replay
Link that replays current quiz
Next Quiz
Link to next quiz in quiz playlist
You Got
0%
They Got
Avg Score
53%
Avg Friend Score
Upgrade to see
Score Distribution
Jump to the score distribution portion of the page
Score
0/12
Timer
03:00
0
Plays Today
Question
Answer
Wrong Answers
Where do tacos 🌮 come from?
Mexico
80.9%
USA
8.8%
Spain
2.9%
Brazil
0%
Where does ratatouille come from?
France 🇫🇷
75%
Italy 🇮🇹
17.6%
Where does pasta come from?
Italy
73.5%
France
0%
China
20.6%
Greece
1.5%
Where do French Fries 🍟 come from?
Belgium 🇧🇪
73.5%
France 🇫🇷
4.4%
USA 🇺🇸
20.6%
England 🏴
0%
Where do hot dogs 🌭 come from?
Germany 🇩🇪
58.8%
USA 🇺🇸
35.3%
Where do haribos come from?
Bonn, Germany 🇩🇪
55.9%
USA 🇺🇸
14.7%
Berlin, Germany 🇩🇪
13.2%
China 🇨🇳
13.2%
Where did potatoes 🥔 first originate?
Peru 🇵🇪
55.9%
Brazil 🇧🇷
5.9%
Canada 🇨🇦
13.2%
Denmark 🇩🇰
22.1%
Where do noodles 🍝 come from?
China 🇨🇳
51.5%
Japan 🇯🇵
36.8%
Russia 🇷🇺
1.5%
Hong Kong 🇭🇰
5.9%
Where does cauliflower come from?
Cyprus 🇨🇾
44.1%
Turkey 🇹🇷
23.5%
Italy 🇮🇹
11.8%
Spain 🇪🇸
16.2%
Where do burgers 🍔 come from?
Germany
39.7%
USA
42.6%
France
2.9%
Canada
11.8%
Where does cheesecake come from?
Ancient Greece
29.4%
Ancient Rome
5.9%
USA
36.8%
France
26.5%
Which plant does popcorn 🍿 come from?
Zea mays everta
7.4%
Corn 🌽 kernel
82.4%
Wheat 🌾
2.9%
Amylomaize
1.5%
Quiz Playlist
Details
Report
Send in Message
Add To Playlist
Multiple Choice:
Click on answers out of a set of options
Last Updated: May 7, 2019
Quiz Scoreboard
CHALLENGE
Sign Up to Join the Scoreboard
Show All
Scores
Hide
Comments
May contain spoilers
Recently Published
Presidents Visiting Landmarks
by Hejman
History
7m
An Introduction to Baseball
by treessimontrees
Sports
5m
Movies - When Are They Set?
by FPL_Elf
Movies
5m
More to Explore
Quiz From the Vault
Featured Blog Post
Where Did the Easter Bunny Come From?
hide this ad
You Might Also Like...
Tags
Food Quiz
origin
Today's Top Quizzes in Just For Fun
Browse Just For Fun
hide this ad
Today's Top Quizzes in Food
Browse Food
Top Contributed Quizzes in Just For Fun
1
Crossword Whiteout! 49
2
Killer Double Trees 224 - Colour Match-Up
3
Harry Potter Logic - 'In Chains' II
4
Spring Typing Challenge
5
Survivor Winners Logic Puzzle
6
Zeroing In: Just For Fun
7
Word Ladder: Ahoy Matey
8
Edinburgh Fringe jokes 2015
9
Thermometer Puzzle 25
10
Aquarium Logic Puzzle 17
Explore More
Trending Topics
Anime
Kpop
NBA
Harry Potter
Disney
Marvel
Crossword
Puzzle
Song
Soccer
Pokémon
NFL
The Office
WWE
Country
hide this ad
More By:
sboobbyer
Quiz
Plays
Rating
Category
Featured
Created
Money Heist Quiz
4,824
3.25
Television
Aug 31, 2019
'Sex Education' quiz
3,472
3.17
Television
Feb 18, 2019
Pick the tv show by the character
768
3.50
Television
Apr 9, 2019
The SIDEMEN Quiz
716
3.50
Entertainment
Oct 24, 2019
Matilda Quiz
585
5.00
Literature
Apr 10, 2019
Go to Creator's Profile
Score Distribution
Quiz Creator Spotlight
sboobbyer
Follow
Send a Message
Quizzes Created
-
Created Quiz Play Count
-
More By This Creator
Popular Quizzes Today
1
Find the Countries of Europe - No Outlines Minefield
2
Find the US States - No Outlines Minefield
3
The Countries of the World
4
Popular People in 1961
5
Find the US States
6
US States
7
Risky Map Clicking: Biggest States A-Z
8
1-10 Letter E Words III
More Just For Fun Quizzes
Wait, How Many Was That?
Published
Trending Quizzes
Risky Map Clicking: Least Populous States A-Z
1-10 Letter F Words
1-10 Letter G Words
One Thing in Common: United Kingdom
Risky Map Clicking: Next State Alphabetically
Recently Updated
Leaping Animals
pecheneg
Reality TV Shows (A-Z)
bhenderson79
Rickey Henderson's Hall of Fame Teammates
pecheneg
Champions League XIs: Arsenal
pecheneg
Quick Pick: Celebrities in WWE's Hall of Fame
aduchscher
A-Z Keypad Blitz II
pecheneg
Multiple Oscar Actors
pecheneg
Mystery Phrase Blitz: Oscar 'Best Actors'
pecheneg
F. Scott Fitzgerald Novels
LTH
Pick 3 Villains
ddd62291
Trending Topics
Marvel
Harry Potter
Disney
Crossword
NBA
Anime
Kpop
Pokémon
WWE
Country
Soccer
NFL
The Office
Puzzle
Song
Your Account Isn't Verified!
In order to create a playlist on Sporcle, you need to verify the email address you used during registration. Go to your
Sporcle Settings
to finish the process.
Report this User
Report this user for behavior that violates our
Community Guidelines
.
Details:
Send Report
Go to the Sporcle.com Mobile Site →
Comments